| Tag |
First Indicator |
Second Indicator |
Subfields |
| LEADER |
00000cam a2200000 a 4500 |
| 001 |
in00000530792 |
| 005 |
20151013094747.0 |
| 008 |
840529s1984 wauab s00010 eng d |
| 035 |
|
|
|a (OCoLC)10783177
|
| 035 |
|
|
|9 ACG2675AM
|
| 040 |
|
|
|a WEA
|c WEA
|d TXA
|d UtOrBLW
|
| 049 |
|
|
|a TXAM
|c [1813736]
|
| 090 |
|
|
|a QE175
|b .A32 no.78
|
| 090 |
|
|
|a TN24.W2
|b A33 no. 78
|
| 100 |
1 |
|
|a Livingston, Vaughn E.
|
| 245 |
1 |
2 |
|a A guide for the preliminary evaluation of rock for road surfacing /
|c by Vaughn E. Livingston, Jr.
|
| 264 |
|
1 |
|a [Olympia?] :
|b State of Washington, Dept. of Natural Resources, Division of Geology and Earth Resources,
|c 1984.
|
| 300 |
|
|
|a 8 pages :
|b illustrations, map ;
|c 28 cm.
|
| 336 |
|
|
|a text
|b txt
|2 rdacontent
|
| 337 |
|
|
|a unmediated
|b n
|2 rdamedia
|
| 338 |
|
|
|a volume
|b nc
|2 rdacarrier
|
| 490 |
1 |
|
|a Information circular ;
|v 78
|
| 500 |
|
|
|a Cover title.
|
| 650 |
|
0 |
|a Road materials
|z Washington (State)
|
| 650 |
|
0 |
|a Forest roads
|z Washington (State)
|
| 650 |
|
0 |
|a Logging
|x Economic aspects
|z Washington (State)
|
| 830 |
|
0 |
|a Information circular (Washington (State). Division of Geology and Earth Resources) ;
|v 78.
|
| 999 |
|
|
|a MARS
|
| 999 |
f |
f |
|s 65fbcc23-73a0-34b6-80e4-d787b91b97bd
|i e8389623-11d1-3434-a0fa-8637c3daa76f
|t 0
|
| 952 |
f |
f |
|p normal
|a Texas A&M University
|b College Station
|c Sterling C. Evans Library
|d Evans: Library Stacks
|t 0
|e TN24.W2 A33 no. 78
|h Library of Congress classification
|i unmediated -- volume
|m A14808111103
|
| 998 |
f |
f |
|a TN24.W2 A33 no. 78
|t 0
|l Evans: Library Stacks
|